000 00231nam a2200097Ia 4500
008 240625s9999 xx 000 0 und d
041 _aeng
100 _aP C QUEST
245 _aP C QUEST 6 BUSINESS INTELLIGENCE TOOLS
260 _c2006
999 _c33406
_d33406